|
|
|
|
| LEADER |
01490nam a22002537a 4500 |
| 005 |
20210117210147.0 |
| 008 |
160629s2014 gr ||||f |||| 000 0 gre d |
| 020 |
|
|
|a 9789603224730
|
| 040 |
|
|
|a GR-PaULI
|b GR-PaULI
|d gre
|e AACR2
|
| 041 |
1 |
|
|a gre
|h fre
|
| 082 |
0 |
4 |
|2 23
|a 792.025
|
| 100 |
1 |
|
|9 155678
|a Surgers, Anne
|e
|
| 245 |
|
|
|a Σταθμοί της σκηνογραφίας του δυτικού θεάτρου /
|c Anne Surgers ; εισαγωγή-μετάφραση-επίμετρο Ίλια Λακίδου.
|
| 260 |
|
|
|a Αθήνα :
|b Αιγόκερως,
|c 2014.
|
| 300 |
|
|
|a 319 σ. :
|b εικ. ;
|c 21 εκ.
|
| 650 |
|
4 |
|9 155679
|a Θέατρα
|x Σκηνογραφία και σκηνικά
|z Ευρώπη
|
| 700 |
1 |
|
|9 77919
|a Λακίδου, Ίλια
|e επιμελητής
|
| 765 |
0 |
8 |
|i Μετάφραση του:
|t Scenographies du theatre occidentale
|
| 942 |
|
|
|2 ddc
|c BK15
|
| 952 |
|
|
|0 0
|1 0
|2 ddc
|4 0
|6 792_025000000000000_SUR
|7 0
|9 204007
|a LISP
|b LISP
|c BSC
|d 2016-06-29
|i 133792
|l 6
|m 1
|o 792.025 SUR
|p 025000250405
|r 2019-06-13 00:00:00
|s 2019-05-13
|t 1
|v 2016.00
|w 2016-06-29
|y BK15
|
| 952 |
|
|
|0 0
|1 0
|2 ddc
|4 0
|6 792_025000000000000_SUR
|7 0
|9 240225
|a THST
|b THST
|d 2020-04-10
|i 015231
|l 2
|o 792.025 SUR
|p 025000267166
|r 2023-02-17 00:00:00
|s 2023-02-01
|t 2
|v 2020.00
|w 2020-04-10
|y BK15
|
| 952 |
|
|
|0 0
|1 0
|2 ddc
|4 0
|6 792_025000000000000_SUR
|7 0
|9 385222
|a LISP
|b LISP
|c BSC
|d 2024-11-26
|i 369237
|l 0
|o 792.025 SUR
|p 025000314051
|r 2024-11-26 13:55:08
|t 3
|w 2024-11-26
|y BK15
|
| 998 |
|
|
|c ΒΑΣΙΛΕΙΟΥ
|d 2016-06
|
| 999 |
|
|
|c 124314
|d 124314
|